000
00284nam a2200109Ia 4500
008
200302s9999 xx 000 0 und d
100
_a
Guy Julier
245
_a
Encyclopaedia of 20th Century Design and Designers
260
_b
Thames and Hudson Ltd.
260
_c
1993
300
_a
216 P.,
999
_c
2310
_d
2310